000
00209 a2200097 4500
001
29900
100
_a
Biberman
245
_a
Photo electronic imaging devices
260
_a
_b
Plenum
_c
090
_c
19899
_d
19899
942
_a
NUST-CAE
_c
M
_c
11000
999
_c
264973
_d
264973